Pokémon - Les attaques de Lokhlass - Statistiques

Statistiques générales
  • Ce quiz a été pris 34 fois
  • Le résultat moyen est 11 sur 15
Statistiques - réponses
Niveaux Types Noms des attaques % Correct
Niveau 45 Glace Laser Glace
100%
Niveau 65 Glace Glaciation
96%
Départ Eau Pistolet à O
96%
Niveau 55 Eau Hydrocanon
92%
Niveau 30 Eau Vibraqua
88%
Niveau 20 Glace Éclats Glace
75%
Niveau 25 Spectre Onde Folie
71%
Niveau 40 Normal Plaquage
71%
Niveau 60 Normal Requiem
71%
Départ Normal Rugissement
71%
Niveau 10 Glace Brume
67%
Niveau 50 Eau Danse Pluie
63%
Niveau 35 Eau Saumure
58%
Niveau 5 Normal Berceuse
42%
Niveau 15 Eau Fontaine de Vie
17%
Aucun quiz correspondant
Distribution des résultats
% des personnes avec chaque résultat
Percentile par nombre de réponses
Votre historique - résultats
Vous n’avez pas pris ce quiz